000 00522nam a22001817a 4500
005 20251108170755.0
008 250721s1996 xx 000 0 ara d
082 1 4 _a191/سام
100 1 _aالسامرائي، ماجد
245 1 0 _aالثقافة و الحرية :
_bقراءة في فكر طه حسين /
264 1 _aدمشق :
_bالأهالي،
_c1996.
300 _a149ص
650 1 7 _aالفلسفة الحديثة
650 1 7 _aالثقافة
650 1 7 _aمصر
942 _2ddc
_cBK
999 _c48660
_d48660